K-pop Idols that are not Korean - Statistics

General Stats
  • This quiz has been taken 492 times
  • The average score is 5 of 35
Answers on the Grid
Answers color-coded by a green-red scale on the quiz's grid according to % correct below.
Ahyeon
Asa
Chaewon
Chenle
Dino
Dohoon
Eunchae
Giselle
Gyuvin
Hanbin
Hanjin
Heesung
Hendery
Hoshi
Intak
Irene
Iroha
Jake
Jennie
Jeno
Jihyo
Johnny
Joshua
Jun
Karina
Kazuha
Keeho
Kun
Kyungmin
Lisa
Mark
Matthew
Mina
Miyeon
Moka
Momo
Ni-Ki
Ningning
Pharita
Renjun
Ricky
Riku
Riwoo
Ruka
Sakura
Sakuya
Sana
Shuhua
Sion
Soul
Soyeon
Sunghoon
Ten
The8
Theo
Tzuyu
Vernon
Wendy
Winter
Winwin
Wonhee
Woozi
Xiaojun
Yangyang
Yunjin
Yuqi
Yushi
Yuta
Zhanghao
 
Answer Stats
Answer % Correct
Giselle
52%
Chenle
51%
Asa
46%
Hendery
36%
Iroha
23%
Ni-Ki
20%
Zhanghao
18%
Sakura
17%
Lisa
16%
Yuqi
15%
Mina
14%
Kazuha
12%
Tzuyu
12%
Xiaojun
12%
Hanjin
11%
Jun
11%
Momo
11%
Ningning
11%
Yuta
10%
Pharita
9%
Ricky
9%
Sana
9%
Ten
9%
Yangyang
9%
Ruka
8%
Sakuya
8%
Shuhua
8%
Moka
7%
Winwin
7%
Kun
6%
Riku
6%
The8
5%
Yushi
5%
Renjun
4%
Soul
4%
No matching quizzes found
Score Distribution
Percent of People with Each Score
Percentile by Number Answered
Your Score History
You have not taken this quiz